Vida del capitán Alonso de Contreras / (Record no. 47077)

MARC details
000 -LEADER
campo de control de longitud fija 00936nam a2200253 i 4500
001 - NÚMERO DE CONTROL
campo de control 47077
003 - IDENTIFICADOR DE NÚMERO DE CONTROL
campo de control ES-MaACL
005 - FECHA Y HORA DE LA ÚLTIMA TRANSACCIÓN
campo de control 20231229062523.0
007 - CAMPO FIJO DE DESCRIPCIÓN FÍSICA--INFORMACIÓN GENERAL
campo de control de longitud fija t|
008 - DATOS DE LONGITUD FIJA--INFORMACIÓN GENERAL
campo de control de longitud fija 030403s1965 sp ||||1| spa d
080 ## - NÚMERO DE LA CLASIFICACIÓN DECIMAL UNIVERSAL
Número de la Clasificación Decimal Universal 821.134.2-94"16"
080 ## - NÚMERO DE LA CLASIFICACIÓN DECIMAL UNIVERSAL
Número de la Clasificación Decimal Universal 929 Contreras, Alonso de
100 1# - ENTRADA PRINCIPAL--NOMBRE DE PERSONA
Nombre de persona Contreras, Alonso de.
9 (RLIN) 40301
245 10 - MENCIÓN DEL TÍTULO
Título Vida del capitán Alonso de Contreras /
Mención de responsabilidad, etc. edición y prólogo de Manuel Criado del Val .
Resto del título Las aventuras de un capitán español / por José Ortega y Gasset ; portada e ilustraciones de Eduardo Vicente.
260 ## - PUBLICACIÓN, DISTRIBUCIÓN, ETC.
Lugar de publicación, distribución, etc. Madrid :
Nombre del editor, distribuidor, etc. Taurus,
Fecha de publicación, distribución, etc. 1965.
300 ## - DESCRIPCIÓN FÍSICA
Extensión 216 p., 1 lám. :
Otras características físicas , il. ;
Dimensiones 24 cm.
600 14 - PUNTO DE ACCESO ADICIONAL DE MATERIA--NOMBRE DE PERSONA
Nombre de persona Contreras, Alonso de.
9 (RLIN) 40301
700 1# - ENTRADA AGREGADA--NOMBRE PERSONAL
Nombre de persona Criado de Val, Manuel.
9 (RLIN) 41605
700 1# - ENTRADA AGREGADA--NOMBRE PERSONAL
Nombre de persona Ortega y Gasset, José,
Fechas asociadas al nombre 1883-1955
9 (RLIN) 87503
700 1# - ENTRADA AGREGADA--NOMBRE PERSONAL
Nombre de persona Vicente, Eduardo.
9 (RLIN) 114331
740 42 - ENTRADA AGREGADA--TÍTULO RELACIONADO/ANALÍTICO NO CONTROLADO
Título relacionado o analítico no controlado Las aventuras de un capitán español.
852 4# - LOCALIZACIÓN
Ubicación ES-MaACL
Número de control de estantería C-27392
Holdings
Estatus retirado Estado de pérdida Estado de daño No para préstamo Biblioteca de origen Biblioteca actual Ubicación en estantería Fecha de adquisición Fuente de adquisición Total de préstamos Signatura topográfica completa Código de barras Visto por última vez Precio de reemplazo Tipo de ítem Koha
        Biblioteca del Ateneo de Madrid Biblioteca del Ateneo de Madrid Depósito 2 17/01/2008     C-27392 1049517 23/02/2023 23/02/2023 Libro impreso